000
00340nam a2200145Ia 4500
003
OSt
005
20240229100034.0
008
170524s9999 xx 000 0 und d
020
_a
978-8183613705
040
_c
iimtu meerut
100
_a
Singh harban
245
0
_a
Khel Patrakarita
260
_b
PANCHCULA: HARYANA SAHITYA
942
_2
ddc
_c
02
999
_c
8952
_d
8952